Non-Island Countries with the Highest Percent of Coastline as a Border - Statistics

General Stats
  • This quiz has been taken 33 times
    3 since last reset
  • The average score is 5 of 10
Answer Stats
% ~ Country % Correct
95.8 Canada
100%
77.2 Chile
100%
100 Australia
67%
94.8 Norway
67%
82.9 Croatia
33%
99.1 Denmark
33%
91.9 Greece
33%
76.8 Italy
33%
91.1 South Korea
33%
72.9 Vietnam
33%
No matching quizzes found
Score Distribution
Percent of People with Each Score
Percentile by Number Answered
Your Score History
You have not taken this quiz since the last reset